000 00274nam a22001097a 4500
999 _c9446
_d9446
003 OSt
008 201207b ||||| |||| 00| 0 eng d
245 _aJournal of The Indian Institute of Science
260 _aBanglore
_bIISC Press
650 _aApplied Science
942 _2ddc
_cBV